000 00445nam a2200157Ia 4500
003 GCL
008 140319s9999 xx 000 0 ara d
040 _aGCL /
_cGCL
082 0 4 _aط
_b813.087
_bن ا
100 1 _aفورى الجراح
245 1 0 _aالامبراطور والموسيقى /
_cفورى الجراح
490 _aالطائر الاخضر
_v0
650 0 4 _aالاطفال
650 0 4 _aقصص الاطفال
942 _2ddc
_cBK
999 _c46496
_d46496